000
00186 a2200097 4500
001
20657
100
_a
G S I
245
_a
Popular science
260
_a
_b
OGSI
_c
090
_c
14959
_d
14959
942
_a
NUST-CAE
_c
M
_c
5512
999
_c
255730
_d
255730